Zmenka v obchodnom styku z pohľadu bankovej a súdnej praxe

Saved in:
Bibliographic Details
Main Author: Záhorcová, Silvia
Other Authors: Stránska, Katarína
Format: Book
Language:Slovak
Published: Bratislava SOPK 2001
Subjects:
Tags: Add Tag
No Tags, Be the first to tag this record!

MARC

LEADER 00000nam a2200000 4500
001 c134037
005 20221124104938.3
020 |a 80-85588-91-9 
041 0 |a slo 
044 |a SK 
245 1 0 |a Zmenka v obchodnom styku z pohľadu bankovej a súdnej praxe  |c Silvia Záhorcová, Katarína Stránska 
264 1 |a Bratislava  |b SOPK  |c 2001 
300 |a 84 s. 
610 2 0 |a zmenky 
610 2 0 |a úpravy právne 
610 2 0 |a papiere cenné 
610 2 0 |a obeh peňažný 
610 2 0 |a záväzky 
610 2 0 |a indosament 
610 2 0 |a právo 
610 2 0 |a súdy 
610 2 0 |a pohľadávky 
610 2 0 |a poplatky 
610 2 0 |a právo zmenkové a šekové 
610 2 0 |a zákony 
610 2 0 |a Slovensko 
100 1 |a Záhorcová, Silvia 
700 1 |a Stránska, Katarína